00420nam a2200121Ia 4500008004100000245004500041245004600086260000900132650001400141856005100155999001900206952007300225171211s9999 xx 000 0 und d aDiscovering Human Sexuality, 3rd Edition cJanice Baldwin, John Baldwin, Simon LeVay c2009 xSexuality uhttp://down.ebook777.com/059/9780803295223.pdf c350783d350783 001040aCLbCLd2017-12-11l0r2017-12-11 00:00:00w2017-12-11yCBE